000 00626nam a2200217 a 4500
005 20140310183435.0
008 080130s19uu xx 00 eng d
020 _a9780324259162
050 _aHB 615
_b.M833 2008
100 _aMorris, Michael H.
245 _aCorporate entrepreneurship & innovation. /
_cMichael H. Morris
260 _aU.S.A :
_bThomson South-Western,
_c2008.
300 _a432 p. :
_bill. ;
_c23 cm.
521 _aBSBA
650 _aEntrepreneurship.
650 _aOrganizational change.
700 _aKuratko, Donald F.
700 _aCovin, Jeffrey G.
942 _cBK
_2lcc
_kFOR
999 _c22849
_d22849